000 00303nam a22001337a 4500
008 170131b xxu||||| |||| 00| 0 eng d
020 _a9780195131284
041 _aeng
080 _a61
100 _a3
101 _aSHM
245 _aRURAL HEALTH IN THE UNITED STATES
_cRICKETTS, TH.C
942 _2udc
_cBK
999 _c4119
_d4119